000 01331cab a22002055a 4500
001 L156115
008 120430s2012 xxk 000 0 eng d
035 _a(Sirsi) u156115
041 0 _aeng
110 2 _aCushman & Wakefield
_95888
245 0 0 _aMarketbeat UK investment market
_bmonthly briefing
_h[electronic resource]
260 _aLondon
_bCushman & Wakefield
_c2012
490 0 _aCushman & Wakefield Marketbeat UK Investment Market Monthly Briefing
_vApril 2012
520 _aPrime yields were broadly stable at an average of 5.76% in March but secondary yields found themselves under increasing pressure. It is only a lack of transactional evidence which has prevented a marked outward shift thus far. Investor interest is strongest in London and some way in excess of supply for prime, retail in particular. Graph covers core versus non-core prime yields 2009-2012. Tables present yields - prime property and yields - other investment sectors 1950-2012; current prime market yields by sector 2007-2012.
590 _aKA
651 4 _aUnited Kingdom
690 _aCommercial property
_96227
856 4 0 _uhttps://www.cushwake.com/cwglobal/jsp/kcReportDetail.jsp?Country=GLOBAL&Language=EN&catId=100001&pId=c42300002p
_zView the report after free registration with the Knoweldge Center) at www.cushwake.com
942 _n0
999 _c83952
_d83952